000 00988cam a2200337 i 4500
001 0000821
003 DO-SdBNP
005 20180219102645.0
007 0000821
008 100514s 1999 sp a | |||| 000 f spa
015 _a
017 _a
_b
020 _a842417898X
020 _a0064434168
035 _a
040 _aBPMSU
_bspa
_cBPMSU
_e
080 _a
100 1 _aGabel, Wolfgang
_d1942-2015
240 1 _aBastian sucht das zauberwort /
245 1 0 _aBastián y la palabra mágica /
_h
_cWolfgang Gabel ; ilustraciones Ana G. Lartitegui ; traducción Eladio M. Bernaldo de Quirós
260 _aLeón, España :
_bEverest,
_c1999.
300 _a58 p.:
_bil.
_c20 cm.
490 1 _aMontaña encantada
521 _aA partir de 8 años.
700 1 2 _aLartitegui, Ana G.
_eil.
700 1 2 _aBernaldo de Quirós, Eladio M.
_etrad.
830 0 _aMontaña encantada
942 _2ddc
_cBK
945 _aInventariado, 2018 / BT
956 _aYLOCKWARD
_810
_cBPMSU
999 _c12105
_d12105